<?xml version="1.0" encoding="UTF-8"?><marc:collection xmlns:marc="http://www.loc.gov/MARC21/slim">
  <marc:record>
    <marc:leader>00592cam a22001932c 4500</marc:leader>
    <marc:controlfield tag="001">826956629</marc:controlfield>
    <marc:controlfield tag="003">DE-603</marc:controlfield>
    <marc:controlfield tag="005">20200421083523.0</marc:controlfield>
    <marc:controlfield tag="008">111211s1854    xx ||||  |   u00| u|ger c</marc:controlfield>
    <marc:datafield tag="035" ind1=" " ind2=" ">
      <marc:subfield code="a">(DE-599)HEB826956629</marc:subfield>
    </marc:datafield>
    <marc:datafield tag="040" ind1=" " ind2=" ">
      <marc:subfield code="a">DE-603</marc:subfield>
      <marc:subfield code="b">ger</marc:subfield>
      <marc:subfield code="c">DE-603</marc:subfield>
      <marc:subfield code="d">DE-603</marc:subfield>
    </marc:datafield>
    <marc:datafield tag="041" ind1=" " ind2=" ">
      <marc:subfield code="a">ger</marc:subfield>
    </marc:datafield>
    <marc:datafield tag="100" ind1="1" ind2=" ">
      <marc:subfield code="a">Dumas, Alexandre</marc:subfield>
    </marc:datafield>
    <marc:datafield tag="245" ind1="1" ind2="0">
      <marc:subfield code="a">Diana de Lys</marc:subfield>
    </marc:datafield>
    <marc:datafield tag="246" ind1="1" ind2="3">
      <marc:subfield code="a">Dumas, Alexandre: Diana de Lys</marc:subfield>
    </marc:datafield>
    <marc:datafield tag="264" ind1=" " ind2="0">
      <marc:subfield code="c">1854</marc:subfield>
    </marc:datafield>
    <marc:datafield tag="300" ind1=" " ind2=" ">
      <marc:subfield code="a">53 S.</marc:subfield>
    </marc:datafield>
    <marc:datafield tag="856" ind1=" " ind2="2">
      <marc:subfield code="m">V:DE-603;B:DE-30</marc:subfield>
      <marc:subfield code="q">image/gif</marc:subfield>
      <marc:subfield code="u">http://resolver.hebis.de/retro/s3281184</marc:subfield>
      <marc:subfield code="3">Katalogkarte der UB Frankfurt</marc:subfield>
    </marc:datafield>
    <marc:datafield tag="924" ind1="0" ind2=" ">
      <marc:subfield code="9">30</marc:subfield>
      <marc:subfield code="a">(DE-603)826956629</marc:subfield>
      <marc:subfield code="c">HES</marc:subfield>
      <marc:subfield code="d">b</marc:subfield>
      <marc:subfield code="g">Retro</marc:subfield>
      <marc:subfield code="h">UB Frankfurt / StUB</marc:subfield>
    </marc:datafield>
  </marc:record>
</marc:collection>
